Συστηματική των φυτών : φυλογενετική προσέγγιση
Αποθηκεύτηκε σε:
| Άλλοι συγγραφείς: | , |
|---|---|
| Μορφή: | Βιβλίο |
| Γλώσσα: | Greek English |
| Δημοσίευση: |
Λευκωσία :
Broken Hill,
c2022.
|
| Θέματα: | |
| Ετικέτες: |
Προσθήκη ετικέτας
Δεν υπάρχουν, Καταχωρήστε ετικέτα πρώτοι!
|
MARC
| LEADER | 00000nam a2200000 a 4500 | ||
|---|---|---|---|
| 001 | 1/125849 | ||
| 008 | 230112s2022####cy a ||| |||| ||gre|| | ||
| 020 | |a 9789925575268 | ||
| 040 | |a GR-MyUa |b gre |c GR-MyUa |e AACR2 | ||
| 041 | 1 | |a gre |h eng | |
| 082 | 7 | |a 580.12 |2 (23) | |
| 245 | 0 | 0 | |a Συστηματική των φυτών : |b φυλογενετική προσέγγιση / |c Walter S. Judd ... [κ.ά.] ; γενική επιμέλεια-μετάφραση-πρόλογος Θεοφάνης Κωνσταντινίδης, Παναγιώτης Α. Τρίγκας ; επιμέλεια επιμέρους ενοτήτων-μετάφραση Παναγιώτης Διον. Δημόπουλος, Στέργιος Α. Πυρίντσος ; μετάφραση-επιμέλεια Ιωάννης-Δημοσθένης Σ. Αδαμάκης ... [κ.ά.] |
| 260 | |a Λευκωσία : |b Broken Hill, |c c2022. | ||
| 300 | |a 849 σ. : |b εικ. ; |c 29 εκ. | ||
| 500 | |a Τίτλος πρωτοτύπου: Plant systematics : a phylogenetic approach. | ||
| 504 | |a Περιλαμβάνει βιβλιογραφικές παραπομπές, ευρετήριο και γλωσσάρι. | ||
| 650 | 0 | |a Plants |x Classification. | |
| 700 | 1 | |a Judd, Walter S. | |
| 700 | 1 | |a Κωνσταντινίδης, Θεοφάνης, |e edt | |
| 852 | |a INST |b LESVOS |e 20230112 |h 580.12 ΣΥΣ |p 005100063949 |q 005100063949 |t EDX |y 0 | ||
| 920 | |a Εύδοξος |b Παραγγελία |y Λέσβος-ΤΠ |z 2023-01 | ||
| 970 | |a Καμάτσου |b Δέσποινα |z 12-01-2023 | ||